Builders of modren India : (Record no. 103535)
[ view plain ]
| 000 -LEADER | |
|---|---|
| fixed length control field | 00694nam a22001937a 4500 |
| 005 - DATE AND TIME OF LATEST TRANSACTION | |
| control field | 20160922111704.0 |
| 010 ## - LCCN (DPL NO) | |
| LC control number | ENG-116073 |
| 020 ## - INTERNATIONAL STANDARD BOOK NUMBER | |
| International Standard Book Number | 9788123018508 |
| Terms of availability | 180.00 |
| 035 ## - SYSTEM CONTROL NUMBER | |
| System control number | EN-99605 |
| 037 ## - SOURCE OF ACQUISITION | |
| Source of stock number/acquisition | DBAD/PUB |
| 082 ## - DEWEY DECIMAL CLASSIFICATION NUMBER | |
| Classification number | 921 |
| 100 ## - MAIN ENTRY--PERSONAL NAME | |
| Personal name | Sethna,Khorshed Adi |
| 245 ## - TITLE STATEMENT | |
| Title | Builders of modren India : |
| Statement of responsibility, etc | by Khorshid Adi Sethna |
| Remainder of title | Madame Bhikhaji Rustom Cama / |
| 260 ## - PUBLICATION, DISTRIBUTION, ETC. (IMPRINT) | |
| Place of publication, distribution, etc | New Delhi |
| Name of publisher, distributor, etc | Publication Division |
| Date of publication, distribution, etc | 2013 |
| 270 ## - ADDRESS | |
| Address | Ministory of Information and Boardcasting Government Of India,Soochna Bhawan,CGO Complex,Lodhi Road |
| City | New Delhi |
| Postal code | 110003 |
| 300 ## - PHYSICAL DESCRIPTION | |
| Extent | 172p. |
| Dimensions | 22cm(Hb) |
| 500 ## - GENERAL NOTE | |
| General note | Includes bibliographical references and index |
| 942 ## - ADDED ENTRY ELEMENTS (KOHA) | |
| Source of classification or shelving scheme | Dewey Decimal Classification |
| Item type | English Books |
| Classification part | 921 |
| Call number suffix | CAM |
| Withdrawn status | Lost status | Not for loan | Collection code | Home library | Current library | Date acquired | Source of acquisition | Cost, normal purchase price | Full call number | Barcode | Copy number | Cost, replacement price | Koha item type |
|---|---|---|---|---|---|---|---|---|---|---|---|---|---|
| Non-fiction | Central Jail Tihar | Central Jail Tihar | 22/09/2016 | DBAD/PUB | 180.00 | 921 CAM | EN-99605 | 1 | 180.00 | English Books |
